| 000 | 00754nam a2200253 a 4500 | ||
|---|---|---|---|
| 008 | |||
| 020 | _a0761472762 (hbk.) | ||
| 049 | _aMAIN | ||
| 090 |
_aREF QL9 _bBUR |
||
| 100 | 1 | _aBurton, Maurice. | |
| 245 | 1 | 0 |
_aInternational wildlife encyclopedia _nvol 10 JAC- LEM / _cMaurice Burton [and] Robert Burton. |
| 260 |
_aNew York : _bMarshal Cavendish, _c2002. |
||
| 300 | _a3rd ed. | ||
| 300 |
_a1300-1440 p. : _bcol. ill. ; _c29 cm. |
||
| 500 | _alncludes bibliographic references. | ||
| 500 | _aIncludes index. | ||
| 650 | 1 | _aZoology. | |
| 700 | _aBurton, Robert. | ||
| 907 |
_a.b10326030 _b07-06-13 _c17-01-13 |
||
| 003 | |||
| 005 | 20230120191435.0 | ||
| 040 | _cNUST | ||
| 942 |
_cBOOKS _kREF QL9 _mBUR |
||
| 999 |
_c101184 _d101184 |
||